00284 a2200109 4500001000700000040003500007100002900042240004600071245004100117300000700158362000900165152831 cEscola São Tomás de Aquino aCOELHO, Ronaldo Simões10aO lobisomem que quase morreu de medolpor10aO lobisomem que quase morreu de medo a280 a2013